Score 0/15 Timer 02:30
0 Plays Today
Question Answer Wrong Answers
It is the only country that borders with other two Baltic states. Latvia
79.1%
Estonia
8.7%
Lithuania
7.7%
This Baltic nation formed a bi-confederation with Poland during the 16th century until 1795. Lithuania
72.3%
Estonia
9.8%
Latvia
12.1%
The only Baltic nation with black on its flag. Estonia
70.5%
Latvia
12.9%
Lithuania
11.9%
Kaali craters are located on the island of Saaremaa in this country. Estonia
67.8%
Latvia
16%
Lithuania
10.6%
In the 15th century, this modern-day country was the largest state in Europe. Lithuania
64.6%
Estonia
14.3%
Latvia
15.8%
This is the only Baltic nation that borders Russian oblast of Kaliningrad. Lithuania
62.1%
Estonia
19.3%
Latvia
13.1%
This was the first country to vote online in 2005. Estonia
57.6%
Latvia
20.6%
Lithuania
16.3%
This was the first Baltic country to gain OECD membership on December 9, 2010. Estonia
52.6%
Latvia
20.3%
Lithuania
21.5%
Mikhail Baryshnikov, one of the greatest male ballet dancers in history, was born in this present-day country. Latvia
46.6%
Estonia
18.9%
Lithuania
29.3%
Jacob W. Davis, inventor of jeans, was born in this modern-day country. Latvia
44.9%
Estonia
21.4%
Lithuania
28.2%
This country started an independence restoration process in 1987 via the Singing Revolution. Estonia
44.4%
Latvia
23.4%
Lithuania
26.5%
Hill of Crosses is located in this country. Lithuania
43.8%
Estonia
22%
Latvia
28.2%
airBaltic's headquarters is located in this country. Latvia
43.7%
Estonia
28.4%
Lithuania
22.3%
Its first use of the country's current flag designed dates back to 1280. Latvia
41.1%
Estonia
22.9%
Lithuania
30.6%
Among the three, this country has the most suicides per 100,000 people with 25.7 in 2016. Lithuania
38.9%
Estonia
32%
Latvia
24%

Today's Daily Dose

Missing Word
Rihanna (A-Z)

Get the Picture
Laker Big Men

Remove Ads.
Support Sporcle.
Get the best of Sporcle when you Go Orange. This ad-free experience offers more features, more stats, and more fun while also helping to support Sporcle. Thank you for becoming a member.

You're not logged in!

Compare scores with friends on all Sporcle quizzes.
OR
Log In

Sporcle TV

Today on Sporcle TV


Watch our educational content, quiz creation guides, and fun videos on Sporcle TV.

Show Comments

Extras

Top Quizzes Today


Score Distribution

Paid Content

Your Account Isn't Verified!

In order to create a playlist on Sporcle, you need to verify the email address you used during registration. Go to your Sporcle Settings to finish the process.

Report this User

Report this user for behavior that violates our Community Guidelines.

Details: